[Event "BUL-ch (Women) 63rd"]
[Site "Kozloduy"]
[Date "2014.05.10"]
[Round "1"]
[White "Nikolova, Adriana"]
[Black "Baninska, Tanja"]
[Result "1/2-1/2"]
[WhiteElo "2319"]
[BlackElo "2029"]
[PlyCount "254"]
[EventDate "2014.05.10"]
[EventType "tourn"]
[EventRounds "9"]
[EventCountry "BUL"]
[SourceTitle "CBM 160 Extra"]
[Source "ChessBase"]
[SourceDate "2014.07.01"]
[SourceVersion "1"]
[SourceVersionDate "2014.07.01"]
[SourceQuality "1"]

1. e4 c5 2. c3 g6 3. d4 cxd4 4. cxd4 d5 5. e5 Bg7 6. Nc3 Nh6 7. h3 Nc6 8. Nf3 0-0 9. Bb5 f6 10. exf6 Rxf6 11. Bxc6 bxc6 12. Ne5 Nf7 13. f4 Ba6 14. Be3 c5 15. Qd2 cxd4 16. Bxd4 Nxe5 17. Bxe5 Re6 18. 0-0-0 Bxe5 19. fxe5 d4 20. Qxd4 Qxd4 21. Rxd4 Rxe5 22. Rd7 Kf7 23. Rhd1 Bc8 24. Rc7 Be6 25. a4 a6 26. b4 Rc8 27. Rxc8 Bxc8 28. b5 axb5 29. axb5 Bb7 30. Rd2 Re1+ 31. Kc2 Rg1 32. g4 Rg3 33. Rd7 Bg2 34. b6 Ke8 35. b7 Bxb7 36. Rxb7 Rxh3 37. Nd5 h5 38. Rxe7+ Kf8 39. g5 Rg3 40. Re5 h4 41. Nf4 h3 42. Re2 Kf7 43. Kd2 Rxg5 44. Nxh3 Ra5 45. Rf2+ Kg7 46. Rf4 g5 47. Rb4 Kh6 48. Ke2 Kh5 49. Nf2 Ra3 50. Kf1 Rg3 51. Ne4 Rf3+ 52. Kg2 Rf4 53. Ng3+ Kh4 54. Rb8 Ra4 55. Rh8+ Kg4 56. Nh1 Ra3 57. Nf2+ Kf5 58. Rf8+ Kg6 59. Ng4 Ra2+ 60. Kf3 Ra3+ 61. Ne3 Kg7 62. Re8 Kf6 63. Re4 Ra5 64. Kg3 Rb5 65. Ng4+ Kf5 66. Re3 Ra5 67. Rb3 Rc5 68. Ne3+ Ke4 69. Kg4 Ra5 70. Nf5 Rc5 71. Re3+ Kd5 72. Rd3+ Kc4 73. Rd8 Ra5 74. Nd6+ Kc3 75. Ne4+ Kc4 76. Nxg5 Ra1 77. Kf4 Rf1+ 78. Ke5 Rh1 79. Nf3 Rh7 80. Ke4 Kc5 81. Rd5+ Kc6 82. Ne5+ Kc7 83. Rc5+ Kb7 84. Kd5 Rh1 85. Rc2 Re1 86. Nc6 Rd1+ 87. Nd4 Rh1 88. Rb2+ Kc8 89. Kd6 Rd1 90. Rb4 Rd2 91. Kc5 Rh2 92. Ra4 Kb7 93. Ne6 Rc2+ 94. Kd5 Rd2+ 95. Nd4 Rd1 96. Rb4+ Ka7 97. Rb2 Rd3 98. Rh2 Rd1 99. Rh7+ Kb6 100. Rh6+ Kb7 101. Rh3 Rd2 102. Rc3 Rd1 103. Kc5 Kc7 104. Nb5+ Kd7 105. Re3 Rc1+ 106. Kd5 Rd1+ 107. Nd4 Rc1 108. Rf3 Rd1 109. Rf7+ Ke8 110. Ra7 Kf8 111. Ke5 Re1+ 112. Kf6 Rf1+ 113. Nf5 Ke8 114. Rg7 Kd8 115. Rf7 Ke8 116. Rg7 Kd8 117. Ke6 Re1+ 118. Kd5 Rd1+ 119. Nd4 Ke8 120. Rh7 Kf8 121. Ke5 Re1+ 122. Kf6 Rf1+ 123. Nf5 Ke8 124. Re7+ Kd8 125. Re5 Kd7 126. Rc5 Rf2 127. Ke5 Re2+ 1/2-1/2

[Event "Plovdiv Tringov Memorial 36th"]
[Site "Plovdiv"]
[Date "2014.02.03"]
[Round "2"]
[White "Baninska, Tanja"]
[Black "Mrdja, Milan"]
[Result "0-1"]
[WhiteElo "2068"]
[BlackElo "2367"]
[PlyCount "86"]
[EventDate "2014.02.02"]
[EventType "swiss"]
[EventRounds "9"]
[EventCountry "BUL"]
[SourceTitle "CBM 158 Extra"]
[Source "ChessBase"]
[SourceDate "2014.02.28"]
[SourceVersion "1"]
[SourceVersionDate "2014.02.28"]
[SourceQuality "1"]

1. Nf3 Nf6 2. g3 g6 3. Bg2 Bg7 4. d4 0-0 5. 0-0 d6 6. c4 Nc6 7. Nc3 Bg4 8. h3 Bxf3 9. Bxf3 Nd7 10. e3 e5 11. Ne2 Kh8 12. Bg2 f5 13. f4 exd4 14. Nxd4 Nxd4 15. exd4 c6 16. Be3 Re8 17. Bf2 Nf6 18. Re1 Rxe1+ 19. Qxe1 d5 20. Qb4 Qd7 21. Re1 Ne4 22. cxd5 cxd5 23. g4 Rc8 24. Bxe4 fxe4 25. Qd2 Qc6 26. Re2 Kg8 27. Kg2 Qc4 28. b3 Qc3 29. Be3 b6 30. Kf2 Kf7 31. Ke1 Bf6 32. g5 Be7 33. Rf2 Ke6 34. Kf1 Qxd2 35. Bxd2 Kf5 36. Kg2 Bd6 37. Be1 Rc1 38. Re2 Bxf4 39. Bg3 e3 40. h4 Bxg3 41. Kxg3 Ke4 42. Rh2 Kxd4 43. h5 Kd3 0-1

[Event "BUL-chT-B (Women) 62nd"]
[Site "Sunny Beach"]
[Date "2012.09.20"]
[Round "2.3"]
[White "Stavila, Irina"]
[Black "Baninska, Tanja"]
[Result "1/2-1/2"]
[WhiteElo "1932"]
[BlackElo "2105"]
[PlyCount "91"]
[EventDate "2012.09.19"]
[EventType "team-tourn"]
[EventRounds "3"]
[EventCountry "BUL"]
[SourceTitle "CBM 150 Extra"]
[Source "ChessBase"]
[SourceDate "2012.10.19"]
[SourceVersion "1"]
[SourceVersionDate "2012.10.19"]
[SourceQuality "1"]
[WhiteTeam "Pleven Spartak XXI (W)"]
[BlackTeam "Dupnitsa Marek Union (W)"]
[WhiteTeamCountry "BUL"]
[BlackTeamCountry "BUL"]

1. c4 c5 2. Nc3 g6 3. g3 Bg7 4. Bg2 e6 5. e4 Nc6 6. Nge2 Nge7 7. 0-0 0-0 8. d3 d6 9. Be3 Nd4 10. f4 Nec6 11. Rb1 a6 12. a3 Rb8 13. b4 b5 14. bxc5 dxc5 15. e5 Nxe2+ 16. Qxe2 Nd4 17. Qf2 f6 18. exf6 Bxf6 19. Ne4 Be7 20. cxb5 Rxb5 21. a4 Rxb1 22. Rxb1 Nf5 23. Bxc5 Qxd3 24. Re1 Qc4 25. a5 Bxc5 26. Qxc5 Qd4+ 27. Qxd4 Nxd4 28. Nc5 Rf5 29. Re5 Kf7 30. Kf2 Ke7 31. Ke3 Nc2+ 32. Kd2 Nd4 33. Be4 Rf6 34. Kd3 Nb5 35. Bc6 Nd6 36. Re1 Rf5 37. Kd4 Nb5+ 38. Bxb5 axb5 39. Re5 Kd6 40. a6 Rf7 41. Kc3 Ra7 42. Kb4 Kc6 43. Nxe6 Bxa6 44. Nd4+ Kd6 45. Nxb5+ Bxb5 46. Kxb5 1/2-1/2

[Event "BUL-chT (Women) 44th"]
[Site "Albena"]
[Date "2011.06.04"]
[Round "3.4"]
[White "Voiska, Margarita"]
[Black "Baninska, Tanja"]
[Result "1-0"]
[WhiteElo "2300"]
[BlackElo "2096"]
[PlyCount "87"]
[EventDate "2011.06.02"]
[EventType "team-tourn"]
[EventRounds "7"]
[EventCountry "BUL"]
[SourceTitle "CBM 142 Extra"]
[Source "ChessBase"]
[SourceDate "2011.06.27"]
[SourceVersion "1"]
[SourceVersionDate "2011.06.27"]
[SourceQuality "1"]
[WhiteTeam "Plovdiv Lokomotiv (W)"]
[BlackTeam "Sofia Lokomotiv (W)"]
[WhiteTeamCountry "BUL"]
[BlackTeamCountry "BUL"]

1. d4 g6 2. g3 Bg7 3. Bg2 c5 4. Nf3 Nf6 5. 0-0 cxd4 6. Nxd4 0-0 7. c4 Nc6 8. Nc3 Nxd4 9. Qxd4 d6 10. Qd2 Rb8 11. b3 a6 12. Bb2 b5 13. cxb5 axb5 14. Nd5 Nxd5 15. Bxg7 Kxg7 16. Bxd5 Bb7 17. e4 e6 18. Bxb7 Rxb7 19. Rfd1 Rd7 20. Qb4 Qb8 21. Rd4 Rfd8 22. Rad1 Qb7 23. Qc3 f6 24. Rb4 Qa6 25. a4 bxa4 26. Rxa4 Qb7 27. Rc4 Kf7 28. h4 Qb5 29. Rc6 d5 30. Rc5 Qe2 31. Re1 Qg4 32. exd5 Rxd5 33. Rc7+ R8d7 34. Qc6 Rxc7 35. Qxc7+ Kg8 36. Qc8+ Kf7 37. Kg2 Rd1 38. Qb7+ Kg8 39. Rxd1 Qxd1 40. b4 e5 41. b5 Qd3 42. b6 e4 43. Qb8+ Kg7 44. Qc7+ 1-0

[Event "Vidin op"]
[Site "Vidin"]
[Date "2009.10.23"]
[Round "2"]
[White "Baninska, Tanja"]
[Black "Georgiev, Krum"]
[Result "0-1"]
[WhiteElo "2101"]
[BlackElo "2466"]
[PlyCount "63"]
[EventDate "2009.10.23"]
[EventType "swiss"]
[EventRounds "7"]
[EventCountry "BUL"]
[SourceTitle "EXT 2010"]
[Source "ChessBase"]
[SourceDate "2010.11.25"]
[SourceVersion "1"]
[SourceVersionDate "2010.11.25"]
[SourceQuality "1"]

1. d4 Nf6 2. g3 g6 3. c4 Bg7 4. Bg2 0-0 5. Nc3 d6 6. Nf3 c6 7. 0-0 a6 8. a4 a5 9. b3 Na6 10. Bb2 Re8 11. h3 Qb6 12. d5 Ne4 13. Rc1 Nac5 14. Nd4 Nxg3 15. fxg3 Nxb3 16. e3 Nxd4 17. exd4 Qxb2 18. dxc6 bxc6 19. Bxc6 Bxh3 20. Rf2 Bxd4 21. Qxd4 Qxc1+ 22. Kh2 Be6 23. Nd5 Qh6+ 24. Kg1 Rab8 25. Bxe8 Rxe8 26. Nc7 Rb8 27. Nxe6 Rb1+ 28. Rf1 Rxf1+ 29. Kxf1 Qh3+ 30. Kf2 Qxe6 31. Kg2 h5 32. Qb6 0-1

[Event "BUL-chT (Women) 41th"]
[Site "Borovetz"]
[Date "2008.10.03"]
[Round "3"]
[White "Baninska, Tanja"]
[Black "Gocheva, Rumiana B"]
[Result "0-1"]
[WhiteElo "2125"]
[BlackElo "2180"]
[PlyCount "71"]
[EventDate "2008.10.01"]
[EventType "team-tourn"]
[EventRounds "7"]
[EventCountry "BUL"]
[SourceTitle "CBM 126 Extra"]
[Source "ChessBase"]
[SourceDate "2008.11.05"]
[SourceVersion "1"]
[SourceVersionDate "2008.11.05"]
[SourceQuality "1"]
[WhiteTeam "Plovdiv Lokomotiv (W)"]
[BlackTeam "Sofia CSKA (W)"]
[WhiteTeamCountry "BUL"]
[BlackTeamCountry "BUL"]

1. e4 c5 2. Nf3 Nc6 3. Bb5 Nf6 4. e5 Nd5 5. Bxc6 dxc6 6. h3 g6 7. 0-0 Bg7 8. Nc3 Nc7 9. d3 Ne6 10. Be3 Nd4 11. Bxd4 cxd4 12. Ne2 c5 13. c3 dxc3 14. bxc3 0-0 15. d4 Qc7 16. Ng3 b6 17. Qe2 Bb7 18. Rfd1 Rfd8 19. Ng5 Bh6 20. h4 Bxg5 21. hxg5 cxd4 22. cxd4 Qc6 23. f3 Qa4 24. Qe3 Bd5 25. Rd2 Rac8 26. Ne2 Rc4 27. Rc1 Rxc1+ 28. Nxc1 Rc8 29. Nb3 Qb4 30. Rb2 Rc3 31. Qd2 Qc4 32. Qf2 Qd3 33. Nd2 Qf5 34. Nf1 Qxg5 35. Kh2 Qh6+ 36. Kg3 0-1

[Event "BUL-chT (Women) 41th"]
[Site "Borovetz"]
[Date "2008.10.01"]
[Round "1"]
[White "Baninska, Tanja"]
[Black "Yordanova, Svetla"]
[Result "0-1"]
[WhiteElo "2125"]
[BlackElo "2207"]
[PlyCount "54"]
[EventDate "2008.10.01"]
[EventType "team-tourn"]
[EventRounds "7"]
[EventCountry "BUL"]
[SourceTitle "CBM 126 Extra"]
[Source "ChessBase"]
[SourceDate "2008.11.05"]
[SourceVersion "1"]
[SourceVersionDate "2008.11.05"]
[SourceQuality "1"]
[WhiteTeam "Plovdiv Lokomotiv (W)"]
[BlackTeam "Varna Georgi Daskalov (W)"]
[WhiteTeamCountry "BUL"]
[BlackTeamCountry "BUL"]

1. e4 c5 2. Nf3 d6 3. d4 cxd4 4. Nxd4 Nf6 5. Nc3 a6 6. a4 e5 7. Nf3 Be7 8. Bc4 0-0 9. Bg5 Be6 10. Bb3 Nbd7 11. 0-0 Rc8 12. Qe2 h6 13. Bh4 Rc5 14. Rfd1 Qb6 15. Nd2 Rfc8 16. Kh1 Qd8 17. f3 Nh5 18. Bxe7 Qxe7 19. g3 Nf8 20. f4 exf4 21. Nf1 fxg3 22. hxg3 Qg5 23. Rxd6 Nxg3+ 24. Nxg3 Qxg3 25. Rd2 Bg4 26. Bxf7+ Kxf7 27. Qf2+ Bf3+ 0-1

[Event "BUL-ch (Women) op"]
[Site "Vratsa"]
[Date "2007.07.30"]
[Round "7"]
[White "Barbageorgopoulou, Fani"]
[Black "Baninska, Tanja"]
[Result "0-1"]
[WhiteElo "1792"]
[BlackElo "2135"]
[PlyCount "88"]
[EventDate "2007.07.25"]
[EventType "swiss"]
[EventRounds "9"]
[EventCountry "BUL"]
[SourceTitle "CBM 119 Extra"]
[Source "ChessBase"]
[SourceDate "2007.09.04"]
[SourceVersion "1"]
[SourceVersionDate "2007.09.04"]
[SourceQuality "1"]

1. d4 d5 2. c4 e6 3. Nf3 Nf6 4. Bg5 Be7 5. Nc3 h6 6. Bh4 0-0 7. e3 Nbd7 8. Rc1 b6 9. cxd5 exd5 10. Qa4 Bb7 11. Ba6 Qc8 12. Bd3 Re8 13. 0-0 c5 14. Ne2 Bc6 15. Qc2 Qb7 16. dxc5 bxc5 17. Rfd1 Ne4 18. Bxe7 Rxe7 19. Ng3 Rb8 20. b3 Nxg3 21. hxg3 d4 22. Nxd4 Bxg2 23. Nf5 Re6 24. Nd6 Qf3 25. Bc4 Bh3 26. Bf1 Bxf1 27. Kxf1 Rxe3 28. Kg1 Re2 29. Qf5 Qxf5 30. Nxf5 Nf6 31. Rxc5 Rxa2 32. Rc3 Ne4 33. Rf3 Ng5 34. Rfd3 Nh3+ 35. Kg2 Nxf2 36. Rd8+ Rxd8 37. Rxd8+ Kh7 38. Nd4 Ne4+ 39. Kf3 Ng5+ 40. Kf4 Rf2+ 41. Ke3 Rg2 42. Kf4 Rd2 43. Rd6 Rxd4+ 44. Rxd4 Ne6+ 0-1

[Event "BUL-ch (Women) op"]
[Site "Vratsa"]
[Date "2007.07.30"]
[Round "8"]
[White "Dragomirescu, Angela"]
[Black "Baninska, Tanja"]
[Result "1-0"]
[WhiteElo "2227"]
[BlackElo "2135"]
[PlyCount "109"]
[EventDate "2007.07.25"]
[EventType "swiss"]
[EventRounds "9"]
[EventCountry "BUL"]
[SourceTitle "CBM 119 Extra"]
[Source "ChessBase"]
[SourceDate "2007.09.04"]
[SourceVersion "1"]
[SourceVersionDate "2007.09.04"]
[SourceQuality "1"]

1. c4 Nf6 2. g3 e6 3. d4 Bb4+ 4. Bd2 Bxd2+ 5. Qxd2 d6 6. Nc3 Nbd7 7. Bg2 0-0 8. Nf3 e5 9. 0-0 c6 10. e4 Qe7 11. Rad1 Nb6 12. b3 Bg4 13. h3 Bxf3 14. Bxf3 Rad8 15. Bg2 c5 16. d5 Nh5 17. Bf3 Nf6 18. Rde1 Nbd7 19. Bd1 g6 20. f4 Ne8 21. f5 f6 22. h4 Qg7 23. Kg2 h6 24. Bg4 h5 25. Be2 Kf7 26. Nd1 Rh8 27. Qa5 Ra8 28. Rh1 g5 29. hxg5 Qxg5 30. Rh4 b6 31. Qc3 Ng7 32. Reh1 Rag8 33. Qe3 Rh6 34. Qd3 Rhh8 35. Nf2 Nf8 36. Nh3 Qh6 37. Ng1 Qc1 38. Bxh5+ Rxh5 39. Rxh5 Nxh5 40. Rxh5 Qb2+ 41. Qe2 Qc3 42. Nf3 Rg4 43. Nxe5+ Qxe5 44. Qxg4 Qb2+ 45. Kh3 Qf2 46. Qf4 Qxa2 47. Qxd6 Qb1 48. Qf4 Qxb3 49. Qf1 a5 50. Rh4 a4 51. Rf4 Nh7 52. Kg4 Ng5 53. Qe2 a3 54. Rf2 b5 55. e5 1-0

[Event "BUL-ch (Women) op"]
[Site "Vratsa"]
[Date "2007.07.26"]
[Round "3"]
[White "Vladimirova, Diana"]
[Black "Baninska, Tanja"]
[Result "0-1"]
[WhiteElo "1776"]
[BlackElo "2135"]
[PlyCount "104"]
[EventDate "2007.07.25"]
[EventType "swiss"]
[EventRounds "9"]
[EventCountry "BUL"]
[SourceTitle "CBM 119 Extra"]
[Source "ChessBase"]
[SourceDate "2007.09.04"]
[SourceVersion "1"]
[SourceVersionDate "2007.09.04"]
[SourceQuality "1"]

1. e4 c5 2. Nc3 e6 3. f4 Nc6 4. Bb5 Nd4 5. Ba4 g6 6. Nf3 Bg7 7. Nxd4 cxd4 8. Nb5 Ne7 9. Nd6+ Kf8 10. Qf3 Qa5 11. Bb3 b6 12. 0-0 Ba6 13. d3 Qc5 14. e5 Qc6 15. Qf2 Nf5 16. Nxf5 gxf5 17. Qxd4 Bb7 18. Qb4+ Ke8 19. Rf2 Bf8 20. Qd2 Rg8 21. c3 h5 22. Bd1 h4 23. Kf1 h3 24. Bf3 hxg2+ 25. Kg1 Qc7 26. Bxb7 Qxb7 27. Rxg2 Qxg2+ 28. Qxg2 Rxg2+ 29. Kxg2 f6 30. exf6 Kf7 31. Be3 Bd6 32. Re1 Rg8+ 33. Kf3 Kxf6 34. Bd4+ Kf7 35. Rg1 Rxg1 36. Bxg1 Bc7 37. a4 a6 38. c4 d6 39. b4 e5 40. c5 b5 41. axb5 axb5 42. Bf2 Ke6 43. h4 exf4 44. h5 dxc5 45. Bxc5 Kf6 46. Bf8 Kf7 47. Bc5 Kf6 48. h6 Kg6 49. Bf8 Be5 50. Bg7 Bxg7 51. hxg7 Kxg7 52. Kxf4 Kf6 0-1

[Event "BUL-ch (Women)"]
[Site "Pernik"]
[Date "1992.??.??"]
[Round "7"]
[White "Baninska, Tanja"]
[Black "Bratimirova, Dimitrinka"]
[Result "1-0"]
[WhiteElo "2120"]
[BlackElo "2100"]
[PlyCount "69"]
[EventDate "1992.??.??"]
[EventType "swiss"]
[EventRounds "9"]
[EventCountry "BUL"]
[SourceTitle "EXT 1998"]
[Source "ChessBase"]
[SourceDate "1997.11.17"]
[SourceVersion "1"]
[SourceVersionDate "1997.11.17"]
[SourceQuality "1"]

1. Nf3 d5 2. g3 c6 3. Bg2 g6 4. d4 Bg7 5. 0-0 Nd7 6. c4 e6 7. Qc2 Ngf6 8. b3 0-0 9. Nbd2 Re8 10. Bb2 b6 11. Ne5 Nxe5 12. dxe5 Nd7 13. f4 Ba6 14. Rfd1 Rc8 15. a4 Qc7 16. e4 dxc4 17. Nxc4 Bxc4 18. Qxc4 Nc5 19. b4 Nxa4 20. Bd4 b5 21. Qb3 Red8 22. Rac1 Bf8 23. f5 Qe7 24. Bh3 exf5 25. exf5 gxf5 26. Bxf5 Rc7 27. e6 Bg7 28. Be3 Rxd1+ 29. Rxd1 fxe6 30. Bxe6+ Kh8 31. Bf4 Rb7 32. Bc8 Rb6 33. Qe6 Qxe6 34. Bxe6 Bf6 35. Rd8+ 1-0

[Event "BUL-chT (Women)"]
[Site "Bankia"]
[Date "1992.??.??"]
[Round "?"]
[White "Chilingirova, Pavlina"]
[Black "Baninska, Tanja"]
[Result "1/2-1/2"]
[WhiteElo "2270"]
[BlackElo "2120"]
[PlyCount "72"]
[EventDate "1992.??.??"]
[EventType "team-swiss"]
[EventRounds "7"]
[EventCountry "BUL"]
[SourceTitle "EXT 1998"]
[Source "ChessBase"]
[SourceDate "1997.11.17"]
[SourceVersion "1"]
[SourceVersionDate "1997.11.17"]
[SourceQuality "1"]

1. c4 e6 2. Nc3 d5 3. d4 c6 4. e3 f5 5. Nf3 Nf6 6. Bd3 Bd6 7. 0-0 0-0 8. b3 Ne4 9. Bb2 Nd7 10. Ne2 g5 11. Ne5 Qe8 12. f3 Ndf6 13. Rc1 Nh5 14. Qd2 Nef6 15. Ng3 Ng7 16. b4 Bd7 17. e4 f4 18. Nxd7 Nxd7 19. Nh1 Qe7 20. b5 Bb4 21. Qc2 h5 22. Nf2 a6 23. bxc6 bxc6 24. cxd5 cxd5 25. Qc6 Bd2 26. Rc2 Be3 27. exd5 g4 28. Kh1 Qh4 29. dxe6 Bxf2 30. fxg4 hxg4 31. exd7 Bg3 32. h3 gxh3 33. Qd5+ Kh8 34. Kg1 Rab8 35. Bxa6 Rf6 36. Bd3 hxg2 1/2-1/2

[Event "BUL-ch (Women)"]
[Site "Bankia"]
[Date "1991.??.??"]
[Round "6"]
[White "Alexieva, Silvia"]
[Black "Baninska, Tanja"]
[Result "1/2-1/2"]
[WhiteElo "2140"]
[BlackElo "2140"]
[PlyCount "116"]
[EventDate "1991.??.??"]
[EventType "swiss"]
[EventRounds "9"]
[EventCountry "BUL"]
[SourceTitle "EXT 2002"]
[Source "ChessBase"]
[SourceDate "2001.11.25"]
[SourceVersion "1"]
[SourceVersionDate "2001.11.25"]
[SourceQuality "1"]

1. c4 c5 2. Nc3 g6 3. g3 Bg7 4. Bg2 Nc6 5. Nf3 Nf6 6. 0-0 0-0 7. a3 d5 8. cxd5 Nxd5 9. Qc2 Nxc3 10. dxc3 Be6 11. Ng5 Bd7 12. Rd1 Qc7 13. Bf4 Ne5 14. Qe4 Bc6 15. Bxe5 Bxe5 16. Qh4 h5 17. g4 Kg7 18. Bxc6 Qxc6 19. Nf3 Bd6 20. g5 Rad8 21. Rd2 Qc8 22. Rad1 Bc7 23. Rxd8 Rxd8 24. Rxd8 Qxd8 25. Qe4 b6 26. Kg2 Qd6 27. e3 Bb8 28. Qb7 Qc7 29. Qd5 Qc8 30. h3 Bd6 31. c4 a6 32. Ne1 b5 33. b3 Qd8 34. Nd3 e6 35. Qc6 bxc4 36. bxc4 Qxg5+ 37. Kf1 Be7 38. Qxa6 Qh4 39. Ke1 Qxh3 40. Qb7 Bh4 41. Qe4 Qh2 42. a4 Qg1+ 43. Ke2 Qb1 44. Qxh4 Qc2+ 45. Kf3 Qxd3 46. Qe4 Qd1+ 47. Kg2 Qxa4 48. Qe5+ Kh7 49. Qxc5 Qa8+ 50. f3 Qd8 51. Qe5 Qd2+ 52. Kh3 Qc1 53. Qf4 Qh1+ 54. Kg3 Qg1+ 55. Kh3 Kg7 56. Qe5+ Kh7 57. Qf4 f5 58. Kh4 Kg7 1/2-1/2

[Event "BUL-chT (Women)"]
[Site "Bankia"]
[Date "1991.??.??"]
[Round "6"]
[White "Baninska, Tanja"]
[Black "Georgieva, Emilia"]
[Result "1-0"]
[WhiteElo "2140"]
[BlackElo "2065"]
[PlyCount "50"]
[EventDate "1991.??.??"]
[EventType "team"]
[EventRounds "7"]
[EventCountry "BUL"]
[SourceTitle "EXT 2002"]
[Source "ChessBase"]
[SourceDate "2001.11.25"]
[SourceVersion "1"]
[SourceVersionDate "2001.11.25"]
[SourceQuality "1"]

1. e4 e5 2. Nf3 Nc6 3. Bb5 a6 4. Ba4 Nf6 5. 0-0 b5 6. Bb3 Be7 7. Re1 0-0 8. a4 b4 9. c3 d5 10. exd5 Nxd5 11. Nxe5 Nxe5 12. Rxe5 Nf6 13. d4 Bd6 14. Re2 Ng4 15. h3 Qh4 16. Nd2 Bh2+ 17. Kf1 Nxf2 18. Nf3 Qg3 19. Rxf2 a5 20. Nxh2 Qxh2 21. Bf4 Ba6+ 22. c4 Qh1+ 23. Ke2 Rae8+ 24. Kd2 Qxd1+ 25. Rxd1 c6 1-0

[Event "BUL-ch (Women)"]
[Site "Bankia"]
[Date "1991.??.??"]
[Round "5"]
[White "Baninska, Tanja"]
[Black "Gocheva, Rumiana B"]
[Result "1/2-1/2"]
[WhiteElo "2140"]
[BlackElo "2220"]
[PlyCount "33"]
[EventDate "1991.??.??"]
[EventType "swiss"]
[EventRounds "9"]
[EventCountry "BUL"]
[SourceTitle "EXT 2002"]
[Source "ChessBase"]
[SourceDate "2001.11.25"]
[SourceVersion "1"]
[SourceVersionDate "2001.11.25"]
[SourceQuality "1"]

1. e4 c5 2. Nf3 d6 3. c3 Nc6 4. d4 Nf6 5. Be2 e6 6. d5 Ne7 7. Bg5 e5 8. Bb5+ Bd7 9. Qa4 a6 10. Bxd7+ Nxd7 11. c4 h6 12. Bh4 g5 13. Bg3 f5 14. exf5 Nxf5 15. Nbd2 Be7 16. Ne4 0-0 17. Nfd2 1/2-1/2

[Event "BUL-chT (Women)"]
[Site "Bankia"]
[Date "1991.??.??"]
[Round "5"]
[White "Koen, Maja"]
[Black "Baninska, Tanja"]
[Result "0-1"]
[WhiteElo "2195"]
[BlackElo "2140"]
[PlyCount "80"]
[EventDate "1991.??.??"]
[EventType "team"]
[EventRounds "7"]
[EventCountry "BUL"]
[SourceTitle "EXT 2002"]
[Source "ChessBase"]
[SourceDate "2001.11.25"]
[SourceVersion "1"]
[SourceVersionDate "2001.11.25"]
[SourceQuality "1"]

1. d4 e6 2. c4 d5 3. Nc3 c6 4. e3 f5 5. g3 Nf6 6. Bg2 Bd6 7. cxd5 exd5 8. Nf3 0-0 9. 0-0 Ne4 10. Ne2 Nd7 11. Ne1 Ndf6 12. f3 Ng5 13. e4 Ne8 14. e5 Be7 15. Nd3 Ne6 16. Be3 g5 17. Rc1 N8g7 18. f4 g4 19. b4 a5 20. a3 axb4 21. axb4 Qb6 22. Qb3 Nc7 23. Rfd1 Nge6 24. Nc5 Bxc5 25. dxc5 Qa6 26. Nc3 Qa3 27. Qb1 Na6 28. Bxd5 cxd5 29. Nxd5 Nac7 30. Nc3 Nb5 31. Rd3 Nxc3 32. Rdxc3 Qa2 33. Qd3 Ng7 34. c6 bxc6 35. Bc5 Ba6 36. Qe3 Rfd8 37. Bd6 Bb5 38. R3c2 Qe6 39. Qf2 Ne8 40. Bc5 Ra3 0-1